Ιστορία της μουσικής

Αποθηκεύτηκε σε:
Λεπτομέρειες βιβλιογραφικής εγγραφής
Κύριος συγγραφέας: Landormy, Paul 1869-1943
Άλλοι συγγραφείς: Σπανούδη, Σοφία Κ. (trlf)
Μορφή: Βιβλίο
Γλώσσα:Greek
English
Δημοσίευση: Αθήναι : Ν.Δ. Νίκας, [19--;].
Θέματα:
Ετικέτες: Προσθήκη ετικέτας
Δεν υπάρχουν, Καταχωρήστε ετικέτα πρώτοι!

MARC

LEADER 00000cam a2200000 i 4500
001 1/23136
008 060127q gr | ||| |||| ||gre||
020 |a 9602970839  
035 |l 10082341 
040 |a GR-MY-UA  |b gre  |e aacr 
041 1 |a gre  |h eng 
082 0 |a 780.9  |2 (22) 
100 1 |a Landormy, Paul  |d 1869-1943. 
245 1 0 |a Ιστορία της μουσικής /   |c Paul Landormy ; μετάφρασις Σοφίας Κ. Σπανούδη.  
260 |a Αθήναι :   |b Ν.Δ. Νίκας,   |c [19--;].  
300 |a 2 τ. ;   |c 21 εκ.  
500 |a Τίτλος πρωτοτύπου: A history of music 
504 |a Περιέχει ευρετήριο 
650 0 0 |a Music  |x History and criticism. 
700 1 |a Σπανούδη, Σοφία Κ.  |e trlf 
852 |a INST  |b SAMOS  |e 20060127  |h 780.9 LAN  |p 005300024576  |q 005300024576  |t BK  |y 0  |z τ.2 
852 |a INST  |b SAMOS  |e 20060308  |h 780.9 LAN  |p 005300024629  |q 005300024629  |t BK  |y 0  |z τ.1 
852 |a INST  |b SAMOS  |e 20060127  |h 780.9 LAN  |p 005300024576  |q 005300024576  |t BK  |v τ.2:  |y 0  |z τ.2 
852 |a INST  |b SAMOS  |e 20060308  |h 780.9 LAN  |p 005300024629  |q 005300024629  |t BK  |v τ.1:  |y 0  |z τ.1 
853 |a INST  |b SAMOS  |h 780.9 LAN 
901 |a BIBL3-2006-1 
901 |a BIBL3-2006-1 
909 |a Σ  |b 124803 
909 |a Σ  |b 124729 
922 |a 3ΕΛΗ  |b 200601  |c ΜΕΤΑΠΤΥΧΙΑΚΟ/ΜΑΘΗΜΑΤΙΚΟ  |d ΜΙΧΑΛΟΠΟΥΛΟΣ 
970 |a ΚΟΣΙΕΡΗΣ  |b ΧΡΗΣΤΟΣ  |z 2006/01/27